| 000 | 00484nam a2200181Ia 4500 | ||
|---|---|---|---|
| 008 | 131103s9999 xx 000 0 und d | ||
| 040 | _aLoreto College | ||
| 041 | _aEnglish | ||
| 082 |
_a920/PEQ _bLCLIB/ |
||
| 100 | _aEnglebert, Omer | ||
| 245 | 4 |
_aThe wisdom of father pecquet _cOmer Englebert |
|
| 260 |
_aLondon _bThames and hudson _c1953 |
||
| 300 |
_a217p _c 19cm |
||
| 650 | _aPecquet, Father - Biography | ||
| 651 | _aBiography | ||
| 850 | _aLCLIB/920/PEQ | ||
| 942 | _cBK | ||
| 999 |
_c25016 _d75495 |
||